All Grammy's Record of the Year Winners - Statistics

General Stats
  • This quiz has been taken 100 times
  • The average score is 30 of 67
Answer Stats
Year Record Artist(s) % Correct
2012 Rolling in the Deep Adele
97%
2017 Hello Adele
97%
2018 24K Magic Bruno Mars
97%
2016 Uptown Funk Mark Ronson ft. Bruno Mars
97%
2022 Leave the Door Open Silk Sonic
97%
2020 Bad Guy Billie Eilish
91%
2021 Everything I Wanted Billie Eilish
91%
2024 Flowers Miley Cyrus
86%
2025 Not Like Us Kendrick Lamar
84%
1984 Beat It Michael Jackson
82%
1999 My Heart Will Go On Celine Dion
78%
2023 About Damn Time Lizzo
78%
2008 Rehab Amy Winehouse
74%
1994 I Will Always Love You Whitney Houston
72%
2019 This Is America Childish Gambino
70%
2015 Stay with Me Sam Smith
70%
1978 Hotel California Eagles
69%
2006 Boulevard of Broken Dreams Green Day
68%
2004 Clocks Coldplay
64%
1972 It's Too Late Carole King
51%
1996 Kiss from a Rose Seal
51%
1985 What's Love Got to Do with It Tina Turner
51%
2001 Beautiful Day U2
50%
2002 Walk On U2
50%
1988 Graceland Paul Simon
49%
1993 Tears in Heaven Eric Clapton
47%
1997 Change the World Eric Clapton
47%
1969 Mrs. Robinson Simon & Garfunkel
47%
1971 Bridge over Troubled Water Simon & Garfunkel
47%
2010 Use Somebody Kings of Leon
42%
1967 Strangers in the Night Frank Sinatra
41%
2011 Need You Now Lady Antebellum
38%
1983 Rosanna Toto
36%
1986 We Are the World USA for Africa
36%
2013 Somebody That I Used to Know Gotye ft. Kimbra
34%
1982 Bette Davis Eyes Kim Carnes
34%
1973 The First Time Ever I Saw Your Face Roberta Flack
33%
1974 Killing Me Softly with His Song Roberta Flack
33%
2003 Don't Know Why Norah Jones
30%
1991 Another Day in Paradise Phil Collins
30%
2005 Here We Go Again Ray Charles & Norah Jones
30%
1995 All I Wanna Do Sheryl Crow
29%
1990 Wind Beneath My Wings Bette Midler
28%
1992 Unforgettable Nat King Cole
27%
2000 Smooth Santana ft. Rob Thomas
27%
1989 Don't Worry, Be Happy Bobby McFerrin
26%
1963 I Left My Heart in San Francisco Tony Bennett
26%
1979 Just the Way You Are Billy Joel
24%
1981 Sailing Christopher Cross
24%
1987 Higher Love Steve Winwood
24%
1976 Love Will Keep Us Together Captain & Tennille
23%
Mack the Knife Bobby Darin
22%
1980 What a Fool Believes The Doobie Brothers
22%
1975 I Honestly Love You Olivia Newton-John
21%
2007 Not Ready to Make Nice Dixie Chicks
20%
1962 Moon River Henry Mancini
18%
1964 Days of Wine and Roses Henry Mancini
18%
1968 Up, Up and Away The 5th Dimension
18%
1970 Aquarius/Let the Sunshine In The 5th Dimension
18%
2014 Get Lucky Daft Punk ft. Pharrell Williams & Nile Rodgers
16%
2009 Please Read the Letter Robert Plant & Alison Krauss
13%
1998 Sunny Came Home Shawn Colvin
13%
1965 The Girl from Ipanema Stan Getz & Astrud Gilberto
11%
1959 Nel Blu Dipinto Di Blu (Volare) Domenico Modugno
10%
1977 This Masquerade George Benson
10%
1961 Theme from A Summer Place Percy Faith
9%
1966 A Taste of Honey Herb Alpert & the Tijuana Brass
7%
No matching quizzes found
Score Distribution
Percent of People with Each Score
Percentile by Number Answered
Your Score History
You have not taken this quiz